000
00429nam a2200181Ia 4500
008
090124s9999 xx 000 0 und d
082
_b
126165
100
_a
साठे माया
245
_a
अंबा
250
_a
1
260
_c
1994
300
_a
180
600
_a
साठे माया
630
_a
अंबा
700
_a
साठे माया
730
_a
अंबा
942
_c
BOOK
999
_c
172255
_d
172255